La filosofía del Derecho de Kant (Record no. 131279)

MARC details
000 -LEADER
campo de control de longitud fija 00656nam a2200181 4500
001 - NÚMERO DE CONTROL
campo de control 131279
003 - IDENTIFICADOR DE NÚMERO DE CONTROL
campo de control ES-MaACL
005 - FECHA Y HORA DE LA ÚLTIMA TRANSACCIÓN
campo de control 20230906193943.0
007 - CAMPO FIJO DE DESCRIPCIÓN FÍSICA--INFORMACIÓN GENERAL
campo de control de longitud fija t|
008 - DATOS DE LONGITUD FIJA--INFORMACIÓN GENERAL
campo de control de longitud fija 070214s1924 ag r ||||1| spa d
100 1# - ENTRADA PRINCIPAL--NOMBRE DE PERSONA
Nombre de persona Rodríguez, Alberto J.
9 (RLIN) 98204
245 13 - MENCIÓN DEL TÍTULO
Título La filosofía del Derecho de Kant
Resto del título : conferencia pronunciada en la Facultad de Filosofía y Letras de Buenos Aires /
Mención de responsabilidad, etc. Alberto J. Rodríguez.
260 ## - PUBLICACIÓN, DISTRIBUCIÓN, ETC.
Lugar de publicación, distribución, etc. Buenos Aires :
Nombre del editor, distribuidor, etc. [s.n.],
Fecha de publicación, distribución, etc. 1924 (
Fabricante Tip. Araujo)
300 ## - DESCRIPCIÓN FÍSICA
Extensión 22 p. ;
Dimensiones 26 cm.
500 ## - NOTA GENERAL
Nota general Extracto de la Revista jurídica de ciencias sociales, año XLI.
852 ## - LOCALIZACIÓN
Ubicación ES-MaACL
Número de control de estantería 1678-F-9
Sublocalización o colección R.4874
852 ## - LOCALIZACIÓN
Ubicación ES-MaACL
Número de control de estantería 1660-F-6
Holdings
Estatus retirado Estado de pérdida Estado de daño No para préstamo Colección Biblioteca de origen Biblioteca actual Ubicación en estantería Fecha de adquisición Fuente de adquisición Total de préstamos Signatura topográfica completa Código de barras Visto por última vez Precio de reemplazo Tipo de ítem Koha
        Colección de folletos Biblioteca del Ateneo de Madrid Biblioteca del Ateneo de Madrid Depósito folletos 17/01/2008     1660-F-6 1136673 23/02/2023 23/02/2023 Folleto
        Colección de folletos Biblioteca del Ateneo de Madrid Biblioteca del Ateneo de Madrid Depósito folletos 17/01/2008     1678-F-9 1136672 23/02/2023 23/02/2023 Folleto